| LEADER |
00652nam0a2200193 450 |
| 001 |
16846569 |
| 010 |
|
|
|a 978-2-89777-171-3
|b rel.
|d 16
|
| 100 |
|
|
|a 20250311d2026 u u0frey01 ba
|
| 101 |
0 |
|
|a fre
|
| 102 |
|
|
|a CA
|
| 200 |
0 |
|
|a légumoches (Les)
|f Séraphine Menu
|g [illustrations] Fleur Oury
|
| 207 |
|
1 |
|a
|
| 210 |
|
|
|a Montréal
|c La Pastèque
|d DL 2025
|
| 215 |
|
|
|a 1 vol. (non paginé [25] p.)
|c ill. en coul.
|d 18 cm
|
| 700 |
|
0 |
|a Menu
|b Séraphine
|f 1990-....
|4 70
|
| 702 |
|
0 |
|a Oury
|b Fleur
|f 1986-....
|4 440
|
| 900 |
|
|
|a Album
|
| 901 |
|
|
|a Accessible au prêt
|
| 995 |
|
|
|a Bibliothèque
|c Bibliothèque
|f 024025443
|h 024025443
|k A MEN
|o p
|q j
|r az
|e Bibliothèque
|